Anna the air hostess. (Record no. 14087)

MARC details
000 -LEADER
fixed length control field 00470nam a22001812 4500
001 - CONTROL NUMBER
control field 0000005519
005 - DATE AND TIME OF LATEST TRANSACTION
control field 20151217160105.0
008 - FIXED-LENGTH DATA ELEMENTS--GENERAL INFORMATION
fixed length control field 070615s xx 000 0 eng d
040 ## - CATALOGING SOURCE
Original cataloging agency KABU
Transcribing agency KABU
050 #0 - LIBRARY OF CONGRESS CALL NUMBER
Classification number PZ7
Item number .H8A56
100 1# - MAIN ENTRY--PERSONAL NAME
Personal name Hunter, Cynthia E.
-- 0000156794
245 10 - TITLE STATEMENT
Title Anna the air hostess.
260 ## - PUBLICATION, DISTRIBUTION, ETC. (IMPRINT)
Place of publication, distribution, etc. Nairobi :
Name of publisher, distributor, etc. Phoenix,
Date of publication, distribution, etc. 1987.
300 ## - PHYSICAL DESCRIPTION
Extent 108 p.
908 ## - PUT COMMAND PARAMETER (RLIN)
Put command parameter 070615
950 ## - LOCAL HOLDINGS (RLIN)
-- 1
Holdings
Withdrawn status Lost status Source of classification or shelving scheme Not for loan Home library Current library Date acquired Total Checkouts Full call number Barcode Date last seen Date last checked out Price effective from Koha item type
    Library of Congress Classification   Kabarak, Main Campus Kabarak, Main Campus 17/12/2015 2 PZ7 .H8A56 33839 28/08/2025 29/07/2025 17/12/2015 Children Collection
Designed with assistance from East African Informatics Ltd